书目信息 |
| 题名: |
国外农业概况
|
|
| 作者: | ;中国农业科学院科技情报研究所 主编 | |
| 分册: | ||
| 出版信息: | 北京 科学出版社 1975 |
|
| 页数: | 1180页 | |
| 开本: | 26cm | |
| 丛书名: | ||
| 单 册: | ||
| 中图分类: | S-11 | |
| 科图分类: | ||
| 主题词: | 农业技术--世界--概况 | |
| 电子资源: | ||
| ISBN: | 16031.17 | |
| 000 | 00697nam0 2200229 450 | |
| 001 | 0175003588 | |
| 005 | 20100713021810.0 | |
| 010 | @a16031.17@dCNY8.70 | |
| 091 | @a16031.17 | |
| 100 | @a19951012d1975 em y0chiy0110 ea | |
| 101 | 0 | @achi |
| 102 | @aCN@b110000 | |
| 105 | @af z 000yy | |
| 106 | @ar | |
| 200 | 1 | @a国外农业概况@9Guo Wai Nong Ye Gai Kuang @f中国农业科学院科技情报研究所主编 |
| 210 | @a北京@c科学出版社@d1975 | |
| 215 | @a1180页@c插图@d26cm | |
| 606 | 0 | @a农业技术@y世界@x概况 |
| 690 | @aS-11@v3 | |
| 711 | 02 | @a中国农业科学院科技情报研究所@9zhong guo nong ye ke xue yuan ke ji qing bao yan jiu suo@4主编 |
| 801 | 0 | @aCN@b91MARC@c20130904 |
| 905 | @aBZT@dS-11@e3@f4@sS-11/3 | |
| 国外农业概况/中国农业科学院科技情报研究所主编.-北京:科学出版社,1975 |
| 1180页:插图;26cm |
| ISBN 16031.17:CNY8.70 |
| ● |
| 相关链接 |
|
|
|
正题名:国外农业概况
索取号:S-11/3
 
预约/预借
| 序号 | 登录号 | 条形码 | 馆藏地/架位号 | 状态 | 备注 |
| 1 | 2000042066 | 2000042066 | 旧书回溯/ [索取号:S-11/3] | 在馆 | |
| 2 | 2000042067 | 2000042067 | 旧书回溯/ [索取号:S-11/3] | 在馆 | |
| 3 | 2000042068 | 2000042068 | 旧书回溯/ [索取号:S-11/3] | 在馆 | |
| 4 | 2000042069 | 2000042069 | 旧书回溯/ [索取号:S-11/3] | 在馆 |